00362 a2200145 450000100060000002000180000604000240002410000190004824000410006724500360010830000060014436200090015044000260015965000310018544955 a9788506051498 cAnchieta - Aquarius aPires, Marcelo10aO menino que queria ser celularlpor10aO menino que queria ser celular a 0 a2007 1aEditora Melhoramentos 4aLiteratura infanto-juvenil